01401cam a2200301 a 4500001001000000003000900010005001700019008004100036020001500077035001900092040002500111082002300136111004700159245004300206260004400249300002100293500008200314651008600396651008900482651008000571651007300651651010300724651009000827910003400917942001400951952011700965999001701082000014610DO-SdBNP20231109104417.0801113s1979 mx 100 0 spa d a9681200519 a(DLC) 80125432 aDO-SdBNPbspacBNPHU 4a972.0833bV8312222 aSimposio sobre México Hoyd(1978)93308610aVisión del México contemporáneo. aMéxico :bColegio de México,c1979. a148 p. ;c20 cm. aDocumentos presentados originalmente en el Simposio hoy sobre México, 1978. 4aMéxicoxPolítica y gobiernoy1970-1988vCongresos, conferencias, etc. 933087 4aMéxicoxCondiciones económicasy1970-1982vCongresos, conferencias, etc. 933088 4aMéxicoxCondiciones socialesy1970-933089vCongresos, conferencias, etc. 4aMéxicoxRelaciones exteriores93674vCongresos, conferencias, etc. 4aMéxicoxRelaciones económicas exterioreszEstados Unidos933090vCongresos, conferencias, etc. 4aEstados UnidosxRelaciones exterioreszMéxico933091vCongresos, conferencias, etc. aCatalogación por copia / LC 2ddccLBS1 001050718MOaGRbGRcCTd2010-01-15iLF1l0o972.0833 V831p14610-10r2020-06-25w2020-06-25y1ZNo se presta c14195d14195